| 000 | 00405cam a22001337a 4500 | ||
|---|---|---|---|
| 008 | 180718b1999 xxu||||| |||| 00| 0 eng d | ||
| 082 | _aA81x54 91/8/PT11 | ||
| 100 | _aCensus of India 1991 | ||
| 245 | _aHaryana: census atlas | ||
| 260 |
_aDelhi _bThe Controller of Publications _c1999 |
||
| 300 | _a257+p. | ||
| 440 | _aCensus of India 1991. Series-8, Haryana. Part Xi | ||
| 650 | _aHaryana - Census - Maps | ||
| 999 |
_c486117 _d486117 |
||